MARC

LEADER 00000nas a2200000 a 4500
001 ssj0000498826
003 WaSeSS
005 20200512172242.0
006 m d
007 cr n
008 110323c20109999nz ar s 0 0eng c
010 |a  2012256031 
016 7 |a 2616895-9  |2 DE-600 
016 7 |a 101558476  |2 DNLM 
022 |a 1179-8467 
035 |a (WaSeSS)ssj0000498826 
040 |a HUA  |b eng  |c HUA  |d HEBIS  |d RBN  |d NLM  |d OCLCQ  |d OCLCF  |d CUS  |d TXA  |d OCLCO  |d CUS  |d EUW  |d OCLCO  |d OCLCQ  |d OCLCO  |d OCLCQ  |d CASUM  |d OCLCO  |d OCLCQ  |d OCLCO  |d OCLCA  |d WT2  |d OCLCQ  |d AU@  |d OCLCA  |d OCLCQ  |d CNMTR  |d OCLCQ  |d WaSeSS 
042 |a pcc 
050 1 4 |a RC564  |b .S829 
060 1 0 |a W1 
082 0 4 |a 616.8606  |b S94 A1 
210 1 0 |a Subst Abuse Rehabil  |2 dnlm 
245 0 0 |a Substance abuse and rehabilitation  |h [electronic resource]. 
246 1 |a Subst Abuse Rehabil 
260 |a [Auckland, NZ] :  |b Dove Medical Press,  |c ©2010- 
310 |a Annual 
362 1 |a Began with: Vol. 1 (2010). 
506 |a License restrictions may limit access. 
515 |a Articles added consectively to current annual volume. 
588 0 |a Vol. 1 (2010); title from title information screen (viewed Nov 22, 2010). 
588 1 |a Vol. 5 (2014) (Dovepress site, viewed May 9, 2014). 
650 0 |a Substance abuse  |x Treatment  |v Periodicals. 
650 0 |a Substance abuse  |v Periodicals. 
650 0 |a Drug addicts  |x Rehabilitation  |v Periodicals. 
650 1 2 |a Substance-Related Disorders. 
650 2 2 |a Substance-Related Disorders  |x therapy. 
650 7 |a Drug addicts  |x Rehabilitation.  |2 fast  |0 (OCoLC)fst01430276 
650 7 |a Substance abuse.  |2 fast  |0 (OCoLC)fst01136767 
650 7 |a Substance abuse  |x Treatment.  |2 fast  |0 (OCoLC)fst01136830 
655 0 |a Electronic journals. 
856 4 0 |z Full text available from Research Library: 01/01/2010 to present  |u https://search.proquest.com/publication/3933274